Za krásami Slovenska

Bibliographic Details
Main Authors: Belický, Karol, 1937-2016 (Author, Photographer), Podolay, Jozef V. (Author), Herda, Ladislav (Author)
Other Authors: Temnová, Anna (Translator), Klein, Jozef (Translator), Selská, Edita (Translator), Kenížová, Anna (Translator), Duži, Ján (Author of introduction, etc.)
Format: Book
Language:Slovak
PhysicalDescription:282 s. 4°
Published: Bratislava Práca 1972
Series:Knižnica praktických príručiek Práce
Subjects:

MARC

LEADER 00000cam a2200000 a 4500
001 vtls008348723
003 SK-MaSNL
005 20260426003015.0
008 251124s1972 xo o 00 0 slo
015 |a SNBA1972/09-02224 
035 |a SK01SNK19720040940 
035 |a SKM000043403 
040 |a SNK  |b slo  |c SNK  |e AACR2 
041 0 |a slo  |b rus  |b ger  |b eng  |b fre 
044 |a xo  |c SK 
080 |a 908.437.6:779  |2 1981 
080 |a 779:908.437.6  |2 1981 
100 1 |a Belický, Karol,  |d 1937-2016  |4 aut  |4 pht  |9 122693 
245 1 0 |a Za krásami Slovenska  |c Karol Belický ; fot. a texty pod obr.: Karol Belický ; text príl. časti: Jozef V. Podolay, Ladislav Herda ; preklady resumé: Izabella Temnová [ruš.], Jozef Klein [nem.], Edita Selská [angl.], Anna Kenížová [franc.] ; [úvod:] Ján Duži 
260 |a Bratislava  |b Práca  |c 1972  |e Martin  |f Tlačiarne SNP 
300 |a 282 s.  |c 4° 
490 0 |a Knižnica praktických príručiek Práce  |v zv. 2/72 
500 |a Opr. Fareb. fot. na frontispice a predsádkach. Zozn. 
563 |a 15000 výtl. 
651 7 |a Slovensko  |2 SNKPHgeo  |9 14231 
655 7 |a obrazové publikácie  |2 SNKPH  |9 70343 
700 1 |a Podolay, Jozef V.  |4 aut  |9 381474 
700 1 |a Herda, Ladislav  |4 aut  |9 381475 
700 1 |a Temnová, Anna  |4 trl  |9 608363 
700 1 |a Klein, Jozef  |4 trl  |9 381476 
700 1 |a Selská, Edita  |4 trl  |9 381477 
700 1 |a Kenížová, Anna  |4 trl  |9 381478 
700 1 |a Duži, Ján  |4 aui  |9 381479 
830 0 |a Knižnica praktických príručiek Práce  |9 278892 
919 |a viaz. 
958 |a OND 
958 |a TL 
958 |a RK 
999 |c 933151  |d 935081 
952 |a SNK  |b SNK  |y PREZ  |7 0  |p 17A0889586  |o snkSB 18683  |i snkKSP 7267/72  |0 0  |1 0  |4 0  |d 2012-07-24  |f 1  |l 0  |r 2025-03-18 00:00:00  |w 2026-02-24 
952 |t P60, <05>, [BOOK], {605}  |a SNK  |b SNK  |y VYP  |7 0  |p 17A0127573  |o snkSB 18683 D1  |i snkKSP 7268/72  |0 0  |1 0  |4 0  |d 1996-08-06  |l 0  |r 2005-01-01 00:00:00  |w 2026-02-24